تذكرة أولي الألباب و الجامع للعجب العجاب / (رقم التسجيلة. 100723)
[ عرض عادي ]
| 000 -LEADER | |
|---|---|
| fixed length control field | 00699nac a22001937a 4500 |
| 005 - DATE AND TIME OF LATEST TRANSACTION | |
| control field | 20251108173311.0 |
| 008 - FIXED-LENGTH DATA ELEMENTS--GENERAL INFORMATION | |
| fixed length control field | 250721s9999 xx 000 0 ara d |
| 082 14 - DEWEY DECIMAL CLASSIFICATION NUMBER | |
| Classification number | م/610.956/أنط |
| 100 1# - MAIN ENTRY--PERSONAL NAME | |
| Personal name | الأنطاكي، داود بن عمر |
| 245 10 - TITLE STATEMENT | |
| Title | تذكرة أولي الألباب و الجامع للعجب العجاب / |
| 246 13 - VARYING FORM OF TITLE | |
| Title proper/short title | ذل التذكرة لأحد تلاميذ المؤلف |
| 246 13 - VARYING FORM OF TITLE | |
| Title proper/short title | الزهة المبهجة في تشحيذ الأذهان و تعديل الأمزجة |
| 264 1# - PRODUCTION, PUBLICATION, DISTRIBUTION, MANUFACTURE, AND COPYRIGHT NOTICE | |
| Place of production, publication, distribution, manufacture | بيروت : |
| Name of producer, publisher, distributor, manufacturer | المكتبة الثقافية، |
| 300 ## - PHYSICAL DESCRIPTION | |
| Extent | 2ج |
| 650 17 - SUBJECT ADDED ENTRY--TOPICAL TERM | |
| Topical term or geographic name as entry element | الطب |
| 650 17 - SUBJECT ADDED ENTRY--TOPICAL TERM | |
| Topical term or geographic name as entry element | البلدان العربية |
| 942 ## - ADDED ENTRY ELEMENTS (KOHA) | |
| Source of classification or shelving scheme | Dewey Decimal Classification |
| Koha item type | مجموعات |
| حالة السحب | حالة الفقدان | مصدر التصنيف | حالة التلف | غير قابل للإعارة | المكتبة الرئيسية | المكتبة الحالية | موقع الرف | تاريخ التزويد | الرقم المتسلسل | Total Checkouts | رقم الإستدعاء | الباركود | تاريخ آخر ظهور | تاريخ الفاتورة | نوع المادة (كوها) |
|---|---|---|---|---|---|---|---|---|---|---|---|---|---|---|---|
| Dewey Decimal Classification | Not For Loan | المكتبة المركزية | المكتبة المركزية | مراجع | 28/07/2025 | 865720 | م/610.956/أنط | 865720 | 28/07/2025 | 28/07/2025 | مجموعات |